Statistics for Consecutive Number Sums

Click here to take the quiz!

General Stats

  • This quiz has been taken 42 times
  • The average score is 18 of 26

Answer Stats

# Consecutive Sum % Correct
10 + 1
94%
31 + 2
94%
52 + 3
91%
61 + 2 + 3
79%
73 + 4
79%
94 + 5
76%
101 + 2 + 3 + 4
76%
136 + 7
76%
2110 + 11
73%
115 + 6
73%
123 + 4 + 5
73%
2512 + 13
73%
157 + 8
73%
2311 + 12
73%
199 + 10
73%
142 + 3 + 4 + 5
70%
178 + 9
70%
2713 + 14
70%
2914 + 15
67%
202 + 3 + 4 + 5 + 6
61%
185 + 6 + 7
58%
224 + 5 + 6 + 7
58%
247 + 8 + 9
55%
265 + 6 + 7 + 8
48%
281 + 2 + 3 + 4 + 5 + 6 + 7
48%
309 + 10 + 11
45%

Score Distribution

Percentile by Number Answered

Percent of People with Each Score

Your Score History

You have not taken this quiz